000
00220nam a22000977a 4500
003
SGT
245
_a
INDIAN JOURNAL OF PEDIATRICS DERMATOLOGY
260
_a
INIDIA
_b
WOLTERS KLUWER
_c
2018
300
_a
388
942
_2
ddc
_c
BV
999
_c
24404
_d
24404